[Event "SR 2. liga A 2006/2007"]
[Site "?"]
[Date "????.??.??"]
[Round "9.5"]
[White "Kamenicky, Tomas"]
[Black "Varga, David"]
[Result "0-1"]
[WhiteElo "2021"]
[BlackElo "2184"]
[PlyCount "100"]
[EventDate "2006.??.??"]

1. e4 e6 2. d4 d5 3. Nd2 Nf6 4. exd5 exd5 5. Ngf3 Bf5 6. Be2 Nc6 7. Bb5 Bd6 8.
O-O O-O 9. c4 Nb4 10. Ba4 Bd3 11. c5 Bxf1 12. Nxf1 Be7 13. a3 Na6 14. Ne3 g6
15. b4 c6 16. b5 cxb5 17. Bxb5 Nc7 18. Ba4 b6 19. Ne5 bxc5 20. Nc6 Qd6 21. dxc5
Qxc5 22. Bb2 Ne6 23. Nxd5 Nxd5 24. Qxd5 Bg5 25. Qe5 Qxe5 26. Bxe5 Nc5 27. Bb5
a6 28. Bc4 Rac8 29. Bd5 Nd3 30. Bd4 Rfd8 31. Nxd8 Rxd8 32. Bc4 Rxd4 33. Bxa6
Nc5 34. Bb5 Rd2 35. g3 Ne4 36. Re1 Nxf2 37. Re2 Rxe2 38. Bxe2 Ne4 39. Bd3 Be3+
40. Kg2 Nd2 41. h3 Kg7 42. g4 Kf6 43. Kg3 Ke5 44. h4 h6 45. h5 gxh5 46. gxh5 f5
47. Be2 Ke4 48. a4 f4+ 49. Kg4 f3 50. Ba6 f2 0-1

[Event "SR 2. liga A 2006/2007"]
[Site "?"]
[Date "2007.02.04"]
[Round "9.5"]
[White "Mandak, Miroslav"]
[Black "Flak, Juraj"]
[Result "1-0"]
[WhiteElo "2080"]
[BlackElo "2077"]
[PlyCount "123"]
[EventDate "2006.??.??"]

1. Nf3 Nf6 2. g3 c5 3. Bg2 Nc6 4. O-O d5 5. b3 e6 6. Bb2 Be7 7. d3 O-O 8. Nbd2
Qc7 9. e3 b6 10. c4 Bb7 11. Qe2 Rad8 12. Rfd1 Rfe8 13. Rac1 e5 14. cxd5 Nxd5
15. a4 f6 16. Nc4 Ndb4 17. Ne1 Bf8 18. Qh5 Ne7 19. Bxb7 Qxb7 20. Nd6 Rxd6 21.
Qxe8 Qd5 22. Rb1 Nbc6 23. Qh5 Na5 24. Bc3 Nxb3 25. Qe2 Nc6 26. Qa2 Nba5 27.
Qxd5+ Rxd5 28. Nc2 Kf7 29. Kf1 Rd7 30. Na3 Nb7 31. Nc4 Ke6 32. Ke2 Be7 33. Ra1
Nb4 34. f3 Nd5 35. Be1 Nb4 36. Rab1 Nc6 37. Rb3 Bd8 38. Rdb1 Nd6 39. Nxd6 Rxd6
40. Rc1 Rd5 41. Rb2 g6 42. g4 a5 43. Bc3 Nb4 44. Bxb4 axb4 45. Rc4 h6 46. h3
Ke7 47. d4 Kd6 48. Rb3 Bc7 49. Rd3 Kc6 50. dxc5 bxc5 51. Rxd5 Kxd5 52. Kd3 Bb6
53. e4+ Kd6 54. Rc1 g5 55. Kc4 Kc6 56. Rd1 Bc7 57. h4 Ba5 58. h5 Bc7 59. Rd5
Bb6 60. a5 Bxa5 61. Rxc5+ Kb6 62. Rc8 1-0

[Event "SR 2. liga A 2006/2007"]
[Site "?"]
[Date "2007.02.04"]
[Round "9.5"]
[White "Michal, Silvio"]
[Black "Novak, Stanislav"]
[Result "1-0"]
[WhiteElo "2136"]
[BlackElo "2017"]
[PlyCount "89"]
[EventDate "2006.??.??"]

1. d4 d5 2. Nf3 Nf6 3. c4 e6 4. Bg5 Nbd7 5. e3 Be7 6. Nc3 h6 7. Bh4 O-O 8. Rc1
c6 9. cxd5 exd5 10. Bd3 Ne4 11. Bxe7 Qxe7 12. O-O f5 13. Qc2 a5 14. Nd2 Nxd2
15. Qxd2 Nf6 16. f3 Bd7 17. Na4 Kh8 18. Rfe1 Qd8 19. Qc2 Ng8 20. Qc5 Be6 21.
Nb6 Rb8 22. Qxa5 Qf6 23. Qc5 Ne7 24. b4 Ng6 25. b5 Nh4 26. Rc2 f4 27. e4 dxe4
28. Bxe4 Rbd8 29. bxc6 bxc6 30. Bxc6 Bf5 31. Rd2 Rd6 32. d5 Bh3 33. Kh1 Bxg2+
34. Rxg2 Nxf3 35. Rf1 Ne5 36. Nc4 f3 37. Rgf2 Nxc4 38. Qxc4 g5 39. Qg4 Qg6 40.
Rxf3 Rdf6 41. Rxf6 Rxf6 42. Qc8+ Kg7 43. Qc7+ Kf8 44. Qd8+ Kg7 45. Qxf6+ 1-0

[Event "SR 2. liga A 2006/2007"]
[Site "?"]
[Date "2007.02.04"]
[Round "9.6"]
[White "Goga, Frantisek"]
[Black "Povysil, Peter"]
[Result "1/2-1/2"]
[WhiteElo "2055"]
[BlackElo "2062"]
[PlyCount "35"]
[EventDate "2006.??.??"]

1. e4 e6 2. c3 d5 3. exd5 exd5 4. d4 Nf6 5. Bd3 Be7 6. Ne2 O-O 7. O-O Bg4 8. f3
Bh5 9. Ng3 Bg6 10. Nf5 Bxf5 11. Bxf5 c5 12. Be3 Qb6 13. Qb3 Nc6 14. Qxb6 axb6
15. Nd2 cxd4 16. Bxd4 Nxd4 17. cxd4 g6 18. Bd3 1/2-1/2

[Event "SR 2. liga A 2006/2007"]
[Site "?"]
[Date "????.??.??"]
[Round "9.6"]
[White "Obdrzalkova, Anita"]
[Black "Adamcik, Tomas"]
[Result "1-0"]
[WhiteElo "2058"]
[BlackElo "1964"]
[PlyCount "45"]
[EventDate "2006.??.??"]

1. d4 e6 2. c4 f5 3. Nc3 Nf6 4. Nf3 Bb4 5. a3 Bxc3+ 6. bxc3 Qe7 7. e3 b6 8. Be2
Bb7 9. a4 d6 10. a5 Nbd7 11. Qa4 O-O 12. a6 Bxf3 13. Bxf3 Ne4 14. O-O Rf6 15.
Qc6 Raf8 16. Qxc7 Rh6 17. g3 Ng5 18. Bg2 e5 19. dxe5 dxe5 20. Ba3 Qd8 21. Qxa7
e4 22. Bxf8 Ne5 23. Qxg7# 1-0

[Event "SR 2. liga A 2006/2007"]
[Site "?"]
[Date "2007.02.04"]
[Round "9.6"]
[White "Susko, Peter"]
[Black "Zacik, Anton"]
[Result "1/2-1/2"]
[WhiteElo "1944"]
[BlackElo "2069"]
[PlyCount "23"]
[EventDate "2006.??.??"]

1. d4 Nf6 2. Bg5 Ne4 3. Bf4 d5 4. Nf3 c6 5. Nbd2 Bf5 6. h3 h6 7. g4 Bh7 8. c3
e6 9. Qb3 Qb6 10. Nxe4 Bxe4 11. Bg2 Nd7 12. O-O 1/2-1/2

[Event "SR 2. liga A 2006/2007"]
[Site "?"]
[Date "2007.02.04"]
[Round "9.7"]
[White "Beles, Milan"]
[Black "Henc, Marian"]
[Result "1-0"]
[WhiteElo "2094"]
[BlackElo "1924"]
[PlyCount "35"]
[EventDate "2006.??.??"]

1. e4 d6 2. d4 g6 3. f4 Bg7 4. Nc3 c6 5. Nf3 Bg4 6. Be3 Bxf3 7. Qxf3 Qb6 8.
O-O-O Na6 9. Bc4 Nc7 10. f5 gxf5 11. Qxf5 d5 12. Rhf1 Nf6 13. Bb3 dxe4 14. Nxe4
Qb5 15. Qf3 Ncd5 16. c4 Qb6 17. cxd5 cxd5 18. Nxf6+ 1-0

[Event "SR 2. liga A 2006/2007"]
[Site "?"]
[Date "2007.02.04"]
[Round "9.7"]
[White "Soltes, Milan"]
[Black "Cibicek, Jozef"]
[Result "0-1"]
[WhiteElo "1692"]
[BlackElo "1994"]
[PlyCount "58"]
[EventDate "2006.??.??"]

1. c4 e5 2. Nc3 Nf6 3. Nf3 e4 4. Ng5 b5 5. Nxb5 h6 6. Nh3 c6 7. Nc3 d5 8. cxd5
cxd5 9. e3 a6 10. Nf4 g5 11. Nfe2 Nc6 12. h3 Bd6 13. Nd4 Ne5 14. b3 g4 15. f4
gxf3 16. gxf3 Nh5 17. d3 Ng3 18. Rg1 Nxf1 19. Rxf1 Nxd3+ 20. Kd2 Bxh3 21. Rg1
Rc8 22. Nxd5 Qa5+ 23. b4 Qxd5 24. fxe4 Bxb4+ 25. Ke2 Nxc1+ 26. Rxc1 Qxa2+ 27.
Kf3 Rxc1 28. Qxc1 Qa5 29. Qc8+ Bxc8 0-1

[Event "SR 2. liga A 2006/2007"]
[Site "?"]
[Date "2007.02.04"]
[Round "9.8"]
[White "Vrba, Michal"]
[Black "Luchs, Robert"]
[Result "1/2-1/2"]
[WhiteElo "1984"]
[BlackElo "1881"]
[PlyCount "90"]
[EventDate "2006.??.??"]

1. e4 c5 2. Nf3 Nc6 3. c4 d6 4. g3 Nf6 5. Nc3 g6 6. Bg2 Bg7 7. O-O O-O 8. h3
Nd7 9. Kh2 f5 10. exf5 Rxf5 11. Nh4 Rf8 12. d3 Nd4 13. Be3 e6 14. f4 a6 15. Ne4
Qe7 16. Qd2 Rb8 17. Rae1 Nf5 18. Nxf5 gxf5 19. Ng5 h6 20. Nxe6 Rf6 21. Nxg7
Qxg7 22. Bd5+ Kh7 23. Rg1 Rg6 24. g4 Nf6 25. gxf5 Bxf5 26. Rxg6 Qxg6 27. Rg1
Qh5 28. Qg2 Ng4+ 29. Kh1 Re8 30. Be4 Bxe4 31. dxe4 Rg8 32. Qf3 Nf2+ 33. Qxf2
Qxh3+ 34. Qh2 Qxe3 35. Rxg8 Kxg8 36. Qxh6 Qxe4+ 37. Kh2 Qc2+ 38. Kh3 Qxb2 39.
Qg6+ Qg7 40. Qxd6 Qc3+ 41. Kg4 Qxc4 42. Qb8+ Kf7 43. Qxb7+ Kg6 44. Qb6+ Kg7 45.
Qc7+ Kf6 1/2-1/2

[Event "SR 2. liga A 2006/2007"]
[Site "?"]
[Date "2007.04.01"]
[Round "10"]
[White "Biro, Karol"]
[Black "Eged, Igor"]
[Result "1-0"]
[WhiteElo "2329"]
[BlackElo "2171"]
[PlyCount "107"]
[EventDate "2006.??.??"]
[TimeControl "40/300+5:40/300:40/300"]

{96MB, Fritz8.ctg, MITULIAK-C350F7} 1. e4 e5 2. Nc3 d6 3. Bc4 Nf6 4. Bb3 Nc6 5.
Nge2 Bd7 6. d4 Na5 7. O-O Nxb3 8. axb3 Be7 9. f3 O-O 10. Be3 a6 11. Qd2 Kh8 12.
Rfd1 Qe8 13. dxe5 dxe5 14. Nd5 Nxd5 15. Qxd5 Bd6 16. c4 Bc6 17. Qd2 Qe7 18. Nc3
Bb4 19. Qf2 Bxc3 20. Bc5 Qe6 21. Bxf8 Bd4 22. Rxd4 exd4 23. Bc5 d3 24. Rd1 f5
25. e5 Qxe5 26. Rxd3 Re8 27. Bd4 Qe1+ 28. Qxe1 Rxe1+ 29. Kf2 Re7 30. Bc3 Rd7
31. Re3 Kg8 32. Re8+ Kf7 33. Rc8 Ke6 34. h4 g6 35. Kg3 Re7 36. Bb4 Rf7 37. Kf4
Kd7 38. Rh8 b6 39. Kg5 Ke6 40. Bd2 Bd7 41. Bf4 Bc6 42. Kh6 b5 43. Rxh7 Rxh7+
44. Kxh7 Kf7 45. Bxc7 Be8 46. Kh6 Kf6 47. Bd8+ Kf7 48. Kg5 Ke6 49. Ba5 Ke5 50.
g4 fxg4 51. Bc3+ Kd6 52. fxg4 bxc4 53. bxc4 Kc5 54. b3 1-0

[Event "SR 2. liga A 2006/2007"]
[Site "?"]
[Date "2007.03.17"]
[Round "10"]
[White "Flak, Juraj"]
[Black "Peitl, Tomas"]
[Result "1/2-1/2"]
[WhiteElo "2077"]
[BlackElo "1931"]
[PlyCount "116"]
[EventDate "2006.??.??"]

1. e4 e6 2. d4 d5 3. Nd2 c5 4. exd5 exd5 5. Ngf3 Nf6 6. Nb3 cxd4 7. Nbxd4 Be7
8. Bd3 O-O 9. O-O Nc6 10. c3 Bg4 11. Qb3 a6 12. Re1 Qd7 13. Bg5 Nxd4 14. Nxd4
Rfe8 15. h3 Be6 16. Re3 h6 17. Bf4 Bc5 18. Be5 Ne4 19. Qc2 Bf5 20. Bh2 Rac8 21.
Nxf5 Qxf5 22. Bxe4 dxe4 23. Re2 Rc6 24. Rae1 Rce6 25. Kh1 Qd5 26. a3 g5 27. b4
Bf8 28. c4 Qc6 29. c5 f5 30. Rd1 f4 31. Qc4 Kh8 32. Qd5 b6 33. Qxc6 Rxc6 34.
cxb6 Rxb6 35. Rd4 Rbe6 36. h4 Kg7 37. hxg5 hxg5 38. Rc2 Kf6 39. g3 Kf5 40. gxf4
gxf4 41. Rd7 Be7 42. Rc4 Kg4 43. Kg2 Bg5 44. Rdd4 f3+ 45. Kf1 Rh8 46. Rxe4+
Rxe4 47. Rxe4+ Kf5 48. Re5+ Kf6 49. Kg1 Rg8 50. Bg3 Rc8 51. Rc5 Rxc5 52. bxc5
Ke6 53. c6 Be7 54. c7 Kd7 55. a4 Bc5 56. Kf1 Bb4 57. Kg1 Bc5 58. Kh2 Bxf2
1/2-1/2

[Event "SR 2. liga A 2006/2007"]
[Site "?"]
[Date "2007.04.01"]
[Round "10"]
[White "Hebelka, Milos"]
[Black "Hricak, Vasil"]
[Result "1-0"]
[WhiteElo "2116"]
[BlackElo "2043"]
[PlyCount "80"]
[EventDate "2006.??.??"]
[TimeControl "40/300+5:40/300:40/300"]

1. e4 c5 2. Nf3 Nc6 3. d4 cxd4 4. Nxd4 Nf6 5. Nc3 e5 6. Ndb5 d6 7. Bg5 a6 8.
Bxf6 gxf6 9. Na3 b5 10. Nd5 Bg7 11. c3 f5 12. Bd3 f4 13. Nc2 O-O 14. Qh5 Ne7
15. Nxe7+ Qxe7 16. Nb4 Be6 17. O-O Qd7 18. h3 a5 19. Nc2 f5 20. Rfd1 Rad8 21.
Qe2 Qb7 22. Ne1 fxe4 23. Qxe4 Qxe4 24. Bxe4 d5 25. Bd3 Rb8 26. f3 b4 27. cxb4
Rxb4 28. Rab1 e4 29. Bc2 exf3 30. Nxf3 Rxb2 31. Rxb2 Bxb2 32. Bb3 Rf5 33. h4 h6
34. Rd2 Bc1 35. Rc2 Be3+ 36. Kf1 Kf7 37. Ke2 Kf6 38. g4 fxg3 39. Kxe3 d4+ 40.
Nxd4 Bxb3 1-0

[Event "SR 2. liga A 2006/2007"]
[Site "?"]
[Date "2007.04.01"]
[Round "10"]
[White "Janos, Jozef"]
[Black "Bednar, Miroslav"]
[Result "1-0"]
[WhiteElo "2235"]
[BlackElo "2102"]
[PlyCount "77"]
[EventDate "2006.??.??"]
[TimeControl "40/300+5:40/300:40/300"]

1. d4 d5 2. Nf3 Nf6 3. c4 dxc4 4. Nc3 e6 5. e3 c5 6. Bxc4 a6 7. O-O b5 8. Be2
Bb7 9. b3 Nbd7 10. Bb2 Bd6 11. a4 b4 12. Nb1 O-O 13. Nbd2 Rc8 14. Nc4 Bb8 15.
Nfe5 Nxe5 16. dxe5 Nd5 17. Qc2 Qg5 18. g3 f5 19. f4 Qe7 20. Bf3 g5 21. Rac1 g4
22. Bg2 Rcd8 23. Rfe1 Ba7 24. Qe2 Ba8 25. e4 Nc7 26. exf5 exf5 27. Bxa8 Rxa8
28. Rcd1 Ne6 29. Qg2 Rac8 30. Rd6 Rfd8 31. Qd5 Kf7 32. Rd1 Bb8 33. Rxd8 Rxd8
34. Nd6+ Kg6 35. Qd3 Bxd6 36. exd6 Qb7 37. Re1 Nd4 38. Bxd4 Rxd6 39. Re5 1-0

[Event "SR 2. liga A 2006/2007"]
[Site "?"]
[Date "2007.03.17"]
[Round "10"]
[White "Kleman, Miroslav"]
[Black "Csiba, Dominik"]
[Result "0-1"]
[WhiteElo "2094"]
[BlackElo "2070"]
[PlyCount "106"]
[EventDate "2006.??.??"]

1. Nf3 d5 2. b3 c5 3. e3 Nf6 4. Bb2 Nc6 5. Bb5 Bd7 6. O-O e6 7. d3 Bd6 8. Bxc6
Bxc6 9. Ne5 O-O 10. f4 Nd7 11. Nd2 Bxe5 12. fxe5 Qg5 13. Rf3 d4 14. Rg3 Qxe5
15. Qg4 f5 16. exd4 Qf6 17. Qf4 cxd4 18. Qxd4 Qxd4+ 19. Bxd4 e5 20. Bb2 f4 21.
Rh3 Rf5 22. Re1 Re8 23. Ne4 Re6 24. Rf3 g5 25. g4 Rf7 26. Nxg5 Bxf3 27. Nxe6
Bxg4 28. Nd8 Rf5 29. Kf2 Rh5 30. h3 Rxh3 31. Bxe5 Nxe5 32. Rxe5 h5 33. Ne6 f3
34. Ng5 Rh2+ 35. Kg1 Rxc2 36. Re3 Re2 37. Rxe2 fxe2 38. Kf2 h4 39. Ne4 Kg7 40.
d4 h3 41. Ng3 h2 42. Ke1 Bf3 43. Kf2 h1=Q 44. Nxh1 Bxh1 45. Kxe2 Kf6 46. Kd3
Ke6 47. Kc4 Kd6 48. a4 Bd5+ 49. Kb4 Be6 50. a5 Kd5 51. Kc3 Bd7 52. Kd3 Bb5+ 53.
Kc3 a6 0-1

[Event "SR 2. liga A 2006/2007"]
[Site "?"]
[Date "2007.04.01"]
[Round "10"]
[White "Kolar, Tomas"]
[Black "Mikulas, Dusan"]
[Result "1/2-1/2"]
[WhiteElo "2042"]
[BlackElo "2167"]
[PlyCount "141"]
[EventDate "2006.??.??"]
[TimeControl "40/300+5:40/300:40/300"]

1. e4 e5 2. Nf3 Nc6 3. Bb5 a6 4. Ba4 Nf6 5. d4 exd4 6. O-O d6 7. Nxd4 Bd7 8.
Bxc6 bxc6 9. Re1 Be7 10. c4 O-O 11. Nc3 Re8 12. b3 h6 13. f4 Bf8 14. Kh1 Ng4
15. Qd2 d5 16. Nd1 dxe4 17. Ne3 c5 18. Ndc2 Bd6 19. g3 Qf6 20. Rb1 Qg6 21. Bb2
Rad8 22. Rbd1 Nf6 23. Qf2 Bg4 24. Rd2 Bf3+ 25. Kg1 Bxf4 26. Rxd8 Rxd8 27. Bxf6
gxf6 28. Nd5 Bd6 29. Nce3 Kh7 30. Ng2 c6 31. Nh4 Qg7 32. Ne3 Qg5 33. Nxf3 exf3
34. Qxf3 Re8 35. Nc2 Be5 36. Qe3 Qg7 37. Kg2 Qg6 38. Qd2 Re6 39. Qf2 Rd6 40.
Re2 Qd3 41. Re3 Qd1 42. Re1 Qg4 43. Ne3 Qe4+ 44. Kh3 Kg6 45. Ng4 Qd4 46. Qc2+
Kg7 47. Qf5 Qd2 48. Re4 Qg5 49. Qxg5+ hxg5 50. Nxe5 Re6 51. Kg4 fxe5 52. Kxg5
Rd6 53. Kf5 f6 54. g4 Rd2 55. g5 Rf2+ 56. Ke6 fxg5 57. Rxe5 Kg6 58. Rxc5 Rxh2
59. Rxc6 Rxa2 60. Ke5+ Kh5 61. c5 g4 62. Rc8 g3 63. Rh8+ Kg4 64. Rg8+ Kf3 65.
c6 Rc2 66. Kd6 Rd2+ 67. Ke5 Rc2 68. Kd6 Rd2+ 69. Ke7 Re2+ 70. Kd8 Rd2+ 71. Kc8
1/2-1/2

[Event "SR 2. liga A 2006/2007"]
[Site "?"]
[Date "2007.03.17"]
[Round "10"]
[White "Kolesar, Rastislav"]
[Black "Goga, Frantisek"]
[Result "1/2-1/2"]
[WhiteElo "1907"]
[BlackElo "2011"]
[PlyCount "112"]
[EventDate "2006.??.??"]

1. e4 c5 2. Nf3 d6 3. d4 cxd4 4. Nxd4 Nf6 5. Nc3 a6 6. g3 e5 7. Nb3 Be6 8. Bg2
Be7 9. O-O O-O 10. Nd5 Bxd5 11. exd5 b5 12. a4 Nbd7 13. Qe2 bxa4 14. Rxa4 Nb6
15. Rxa6 Rxa6 16. Qxa6 Nbxd5 17. Bd2 Nc7 18. Qc6 Ne6 19. Ra1 Qb8 20. Ra8 Qxa8
21. Qxa8 Rxa8 22. Bxa8 d5 23. c3 Nc7 24. Bc6 Ne4 25. Be3 Nf6 26. Nc5 Ng4 27.
Nd3 Nxe3 28. fxe3 Bf6 29. e4 dxe4 30. Bxe4 Nb5 31. Bc6 Na7 32. Ba4 Kf8 33. Nc5
Ke7 34. Nd7 Kd6 35. Nxf6 gxf6 36. Kf2 Nc8 37. Bc2 h6 38. Kf3 Ne7 39. Kg4 Nd5
40. Kh5 Ne3 41. Bd3 f5 42. h4 e4 43. Be2 Ng2 44. Kxh6 f4 45. gxf4 Nxh4 46. Kg5
Nf3+ 47. Kf6 Ng1 48. Bf1 e3 49. Kxf7 e2 50. Bxe2 Nxe2 51. f5 Nf4 52. f6 Ke5 53.
c4 Nh5 54. Ke7 Nxf6 55. b4 Kd4 56. b5 Kxc4 1/2-1/2

[Event "SR 2. liga A 2006/2007"]
[Site "?"]
[Date "2007.04.01"]
[Round "10"]
[White "Kralovic, Andrej"]
[Black "Fabry, Robert"]
[Result "1/2-1/2"]
[WhiteElo "2098"]
[BlackElo "2206"]
[PlyCount "71"]
[EventDate "2006.??.??"]
[TimeControl "40/300+5:40/300:40/300"]

{96MB, Fritz8.ctg, MITULIAK-C350F7} 1. e4 {0} e5 (1... c5 {[%emt 0:00:01]}) 2.
Nf3 Nc6 3. Nc3 Nf6 4. d4 exd4 5. Nxd4 Bb4 6. Nxc6 bxc6 7. Bd3 d5 8. exd5 cxd5
9. O-O O-O 10. Bg5 c6 11. Na4 Be7 12. c3 Qd6 13. Bh4 Ng4 14. Bg3 Qf6 15. h3 Nh6
16. Re1 Nf5 17. Be5 Qg5 18. Qg4 h5 19. Qxg5 Bxg5 20. Nc5 Be7 21. Na6 Bxa6 22.
Bxa6 Bd6 23. Bb7 Rab8 24. Bxc6 Rxb2 25. Bxd6 Nxd6 26. Bxd5 Rc8 27. c4 Kf8 28.
Rac1 Rc5 29. a3 Nc8 30. Re5 g6 31. Rce1 Nb6 32. Re7 Nxd5 33. cxd5 Rxd5 34. Rxa7
Rdd2 35. Rf1 Ra2 36. h4 1/2-1/2

[Event "SR 2. liga A 2006/2007"]
[Site "?"]
[Date "2007.03.17"]
[Round "10"]
[White "Machalova, Erika"]
[Black "Varga, David"]
[Result "1/2-1/2"]
[WhiteElo "2106"]
[BlackElo "2184"]
[PlyCount "85"]
[EventDate "2006.??.??"]

1. d4 e6 2. c4 Nf6 3. Nc3 d5 4. Bg5 Be7 5. Nf3 O-O 6. e3 b6 7. cxd5 Nxd5 8.
Bxe7 Nxe7 9. Bd3 Nd7 10. Qc2 h6 11. O-O Bb7 12. Rfd1 Rc8 13. Rac1 Nf6 14. e4 c5
15. dxc5 Rxc5 16. Qe2 Qc8 17. Rc2 Ng6 18. Qe3 Ng4 19. Qc1 N4e5 20. Nxe5 Nxe5
21. Qe3 Qc6 22. Be2 Rc8 23. Rcd2 Nc4 24. Bxc4 Rxc4 25. Rd6 Qc5 26. Qxc5 R4xc5
27. Rd8+ Kh7 28. f3 Rxd8 29. Rxd8 Bc8 30. Kf2 Kg6 31. Ke3 Kf6 32. f4 Ke7 33.
Rd2 Bb7 34. e5 f6 35. exf6+ gxf6 36. Ne4 Rc1 37. Nc3 Rh1 38. g3 e5 39. fxe5
fxe5 40. Nb5 Re1+ 41. Kf2 Rh1 42. Ke3 Re1+ 43. Kf2 1/2-1/2

[Event "SR 2. liga A 2006/2007"]
[Site "?"]
[Date "2007.03.17"]
[Round "10"]
[White "Machalova, Veronika"]
[Black "Lesny, Stefan"]
[Result "1-0"]
[WhiteElo "2199"]
[BlackElo "2103"]
[PlyCount "97"]
[EventDate "2006.??.??"]

1. e4 e5 2. Nf3 Nc6 3. Bb5 a6 4. Ba4 d6 5. O-O Bd7 6. c3 Be7 7. Re1 Bf6 8. d3
Nge7 9. Nbd2 Ng6 10. Nf1 b5 11. Bc2 O-O 12. Ng3 Bg4 13. h3 Bd7 14. d4 Re8 15.
d5 Na5 16. Qd3 Nc4 17. b3 Nb6 18. Nf5 Be7 19. g4 Bc8 20. Ng3 Nh4 21. Nxh4 Bxh4
22. Kg2 Bg5 23. Ba3 g6 24. c4 bxc4 25. bxc4 Nd7 26. Ba4 Be7 27. Rab1 Rf8 28.
Rb2 Nb6 29. Bc6 Ra7 30. Rc2 Bd7 31. Bxd7 Nxd7 32. Rb1 Qa8 33. Rcb2 Nb6 34. Qc2
Nd7 35. Rb3 Qc8 36. Ne2 c6 37. Qd3 cxd5 38. cxd5 Rc7 39. Rc3 Rxc3 40. Nxc3 Rd8
41. Na4 Qa8 42. Nb6 Qa7 43. Nc4 Qc7 44. Rc1 Qb8 45. Na5 Re8 46. Nc6 Qb5 47.
Qxb5 axb5 48. Nxe7+ Rxe7 49. Rc8+ 1-0

[Event "SR 2. liga A 2006/2007"]
[Site "?"]
[Date "2007.04.01"]
[Round "10"]
[White "Milanov, Jasen"]
[Black "Vimmer, Michal"]
[Result "1-0"]
[WhiteElo "1985"]
[BlackElo "2015"]
[PlyCount "107"]
[EventDate "2006.??.??"]
[TimeControl "40/300+5:40/300:40/300"]

1. c4 e5 2. Nc3 Nc6 3. g3 Nf6 4. Bg2 Bc5 5. e3 O-O 6. a3 a5 7. Nge2 d6 8. O-O
Bg4 9. h3 Bh5 10. Kh2 Re8 11. d3 Qc8 12. Rb1 Bg6 13. b3 Qf5 14. e4 Qc8 15. Nb5
h6 16. Bb2 Nh7 17. f4 f6 18. Nec3 Nd4 19. Nxd4 Bxd4 20. Nb5 Bxb2 21. Rxb2 Nf8
22. Rd2 Rd8 23. h4 c6 24. Nc3 Qc7 25. f5 Bf7 26. d4 Nd7 27. d5 c5 28. Bf3 Nb6
29. a4 Kf8 30. Nb5 Qe7 31. Bh5 Rd7 32. Rg2 Qe8 33. Bxf7 Qxf7 34. g4 Ke7 35. Qd2
Nc8 36. Rfg1 Na7 37. Qxa5 b6 38. Qc3 Nxb5 39. cxb5 Rf8 40. Ra1 g5 41. fxg6 Qxg6
42. Qf3 Rg8 43. Qf5 Qf7 44. a5 bxa5 45. Rxa5 Rb8 46. Rga2 Kd8 47. Ra8 Kc8 48.
R8a5 Kd8 49. Ra8 Kc8 50. R8a5 Kc7 51. Ra7+ Rb7 52. R2a6 Kb8 53. Ra8+ Kc7 54.
Rc6# 1-0

[Event "SR 2. liga A 2006/2007"]
[Site "?"]
[Date "2007.03.17"]
[Round "10"]
[White "Obdrzalkova, Anita"]
[Black "Magyar, Frantisek"]
[Result "1-0"]
[WhiteElo "2058"]
[BlackElo "2067"]
[PlyCount "65"]
[EventDate "2006.??.??"]

1. d4 Nf6 2. c4 g6 3. Nc3 Bg7 4. e4 O-O 5. Nf3 d6 6. Be2 e5 7. O-O Nc6 8. d5
Ne7 9. b4 a5 10. bxa5 Rxa5 11. Bd2 b6 12. Qc2 Nd7 13. Nb5 Ra8 14. a4 Nc5 15. a5
bxa5 16. Bxa5 Rxa5 17. Rxa5 c6 18. Ra8 cxb5 19. cxb5 Bh6 20. Nxe5 Nxe4 21. Ng4
Bg7 22. Qxe4 f5 23. Qc4 Qb6 24. Ne3 Qb7 25. Rfa1 Bxa1 26. Rxa1 Bd7 27. Qd4 f4
28. Ng4 Bxg4 29. Bxg4 h5 30. Be6+ Kh7 31. Ra7 Qxb5 32. Rxe7+ Kh6 33. h4 1-0

[Event "SR 2. liga A 2006/2007"]
[Site "?"]
[Date "2007.03.17"]
[Round "10"]
[White "Petenyi, Tamas"]
[Black "Bednar, Jan"]
[Result "1/2-1/2"]
[WhiteElo "2125"]
[BlackElo "2176"]
[PlyCount "44"]
[EventDate "2006.??.??"]

1. e4 e5 2. Nf3 Nc6 3. Bb5 a6 4. Ba4 Nf6 5. O-O Be7 6. Re1 b5 7. Bb3 d6 8. c3
O-O 9. h3 Nb8 10. d4 Nbd7 11. d5 Bb7 12. Nbd2 c6 13. dxc6 Bxc6 14. Qe2 Qc7 15.
Bc2 Rfe8 16. Nh2 Qb7 17. Ng4 d5 18. Nxf6+ Nxf6 19. exd5 Bxd5 20. Ne4 Rad8 21.
f3 Nxe4 22. fxe4 Bc5+ 1/2-1/2

[Event "SR 2. liga A 2006/2007"]
[Site "?"]
[Date "2007.04.01"]
[Round "10"]
[White "Prielozny, Marek"]
[Black "Kuna, Vladimir"]
[Result "1-0"]
[WhiteElo "1963"]
[BlackElo "2093"]
[PlyCount "43"]
[EventDate "2006.??.??"]
[TimeControl "40/300+5:40/300:40/300"]

1. d4 d5 2. Nf3 Nf6 3. Bf4 e6 4. e3 Be7 5. Bd3 O-O 6. Nbd2 Nbd7 7. Ne5 c5 8. c3
Nxe5 9. dxe5 Ne8 10. Nf3 f6 11. exf6 Bxf6 12. h4 e5 13. Nxe5 Qe7 14. Bxh7+ Kxh7
15. Qh5+ Kg8 16. Ng6 Qe4 17. Qh8+ Kf7 18. Qxf8+ Kxg6 19. h5+ Kh7 20. h6 g5 21.
Qf7+ Kh8 22. h7 1-0

[Event "SR 2. liga A 2006/2007"]
[Site "?"]
[Date "2007.04.01"]
[Round "10"]
[White "Smolen, Jan"]
[Black "Tepper, Frantisek"]
[Result "1-0"]
[WhiteElo "2329"]
[BlackElo "2171"]
[PlyCount "57"]
[EventDate "2006.??.??"]
[TimeControl "40/300+5:40/300:40/300"]

{96MB, Fritz8.ctg, MITULIAK-C350F7} 1. e4 e5 2. Nf3 Nf6 3. Bc4 Nxe4 4. Nc3 Nd6
5. Bb3 e4 6. Qe2 Qe7 7. Nd4 Qe5 8. Qe3 Be7 9. Nd5 c5 10. Nf3 Qf5 11. d3 Bd8 12.
Nd2 O-O 13. dxe4 Qg5 14. O-O b6 15. h3 Qh4 16. Re1 Re8 17. e5 Nc6 18. Nf3 Qh5
19. Nf4 Qh6 20. Qd3 Nb7 21. Qd5 Rf8 22. e6 fxe6 23. Nxe6 dxe6 24. Qxc6 Qg6 25.
Bd2 Rb8 26. Bc3 Na5 27. Bxe6+ Bxe6 28. Qxe6+ Qxe6 29. Rxe6 1-0

[Event "SR 2. liga A 2006/2007"]
[Site "?"]
[Date "2007.03.17"]
[Round "10.1"]
[White "Meszaros, Michal"]
[Black "Petrik, Karol"]
[Result "1/2-1/2"]
[WhiteElo "2407"]
[BlackElo "2123"]
[PlyCount "91"]
[EventDate "2006.??.??"]

1. e4 c5 2. Nf3 e6 3. d4 cxd4 4. Nxd4 a6 5. Bd3 Ne7 6. O-O Nbc6 7. Nf3 Ng6 8.
c4 Qc7 9. Re1 Bd6 10. Bf1 O-O 11. g3 Nce5 12. Nxe5 Nxe5 13. f4 Bc5+ 14. Kh1 Ng6
15. Nc3 Rd8 16. Bg2 Bb4 17. Qd3 Rb8 18. a3 Be7 19. Be3 b5 20. cxb5 axb5 21.
Nxb5 Qa5 22. Nd6 Ba6 23. Qd4 Rb3 24. Red1 Bxd6 25. Qxd6 Rxe3 26. b4 Qb5 27. Bf1
Qh5 28. Qb6 Re2 29. Qxd8+ Nf8 30. Bxe2 Bxe2 31. Rf1 Bxf1 32. Rxf1 Qe2 33. Kg1
Qe3+ 34. Rf2 Qe1+ 35. Rf1 Qe3+ 36. Rf2 Qe1+ 37. Kg2 Qxe4+ 38. Kg1 Qe1+ 39. Kg2
Qe4+ 40. Kh3 Qf5+ 41. g4 Qd3+ 42. Kg2 Qe4+ 43. Kg3 Qe3+ 44. Rf3 Qe1+ 45. Kh3
Qe2 46. Kg3 1/2-1/2

[Event "SR 2. liga A 2006/2007"]
[Site "?"]
[Date "2007.03.17"]
[Round "10.1"]
[White "Pacher, Milan"]
[Black "Pinter, Erik"]
[Result "1-0"]
[WhiteElo "2262"]
[BlackElo "2410"]
[PlyCount "63"]
[EventDate "2006.??.??"]

1. e4 c5 2. Nf3 Nc6 3. d4 cxd4 4. Nxd4 Nf6 5. Nc3 e5 6. Ndb5 d6 7. Bg5 a6 8.
Na3 b5 9. Nd5 Qa5+ 10. Bd2 Qd8 11. c4 Nxe4 12. cxb5 Ne7 13. Bc4 Be6 14. Be3 Rc8
15. Nb6 Bxc4 16. Naxc4 axb5 17. Nxc8 Nxc8 18. Qd5 bxc4 19. Qxe4 Qa5+ 20. Bd2
Qb5 21. O-O Be7 22. a4 Qd7 23. Qxc4 O-O 24. Rfc1 Bf6 25. a5 e4 26. Bc3 d5 27.
Qa4 Qa7 28. Bxf6 gxf6 29. Qc6 Rd8 30. Qxf6 Qd7 31. a6 d4 32. a7 1-0

[Event "SR 2. liga A 2006/2007"]
[Site "?"]
[Date "2007.03.17"]
[Round "10.2"]
[White "Hrivnak, Martin"]
[Black "Ruckschloss, Karol"]
[Result "0-1"]
[WhiteElo "2219"]
[BlackElo "2331"]
[PlyCount "76"]
[EventDate "2006.??.??"]

1. d4 f5 2. g3 Nf6 3. Bg2 g6 4. Nh3 d6 5. O-O Bg7 6. c3 c6 7. Nf4 e5 8. dxe5
dxe5 9. Qxd8+ Kxd8 10. Nh3 h6 11. Nd2 Be6 12. f3 Nbd7 13. Nf2 Kc7 14. e4 f4 15.
b4 g5 16. Nb3 Ne8 17. gxf4 gxf4 18. Nd3 b6 19. Rd1 Nd6 20. Bf1 Bf6 21. Nb2
Rhg8+ 22. Kh1 Rg7 23. Rd2 Nf7 24. Rg2 Ng5 25. Be2 Bh3 26. Rg1 Nf8 27. Bd2 Ng6
28. Be1 Rag8 29. a4 Be6 30. Nd2 Nh3 31. Rf1 Nh4 32. Bxh4 Bxh4 33. Nd3 Rd7 34.
a5 Kb7 35. axb6 axb6 36. Rad1 Rgd8 37. Nxe5 Rxd2 38. Ng6 Nf2+ 0-1